000 00360nam a22001697a 4500
003 UA-OsUOA
001 2242
007 ta
008 20050721b un ||||| |||| 00| 0 ukr d
100 _aArnold
700 _aJudith
942 _cBK
040 _aUA-OsUOA
_cUA-OsUOA
_dUA-OsUOA
245 _aThe lady in the Mirror.
_bLove story
955 _a2
650 7 _2UDC
999 _c288404
_d288404